[Event "CRO-chT"]
[Site "Pula"]
[Date "1999.09.10"]
[Round "2"]
[White "Viland, Boris"]
[Black "Koznjak, Miroslav"]
[Result "1/2-1/2"]
[WhiteElo "2202"]
[BlackElo "2264"]
[PlyCount "134"]
[EventDate "1999.09.05"]
[EventType "team"]
[EventRounds "9"]
[EventCountry "CRO"]
[SourceTitle "EXT 2000"]
[Source "ChessBase"]
[SourceDate "1999.11.16"]
[SourceVersion "1"]
[SourceVersionDate "1999.11.16"]
[SourceQuality "1"]

1. d4 Nf6 2. c4 c5 3. d5 g6 4. Nc3 Bg7 5. e4 d6 6. h3 0-0 7. Nf3 e6 8. Bd3 Re8 9. 0-0 Na6 10. Bg5 h6 11. Be3 exd5 12. exd5 Nc7 13. Qd2 Kh7 14. a4 b6 15. Bf4 a6 16. Rfb1 Nh5 17. Bh2 f5 18. b4 Nf6 19. bxc5 bxc5 20. Qf4 Ne4 21. Nxe4 fxe4 22. Bxe4 Rxe4 23. Qxe4 Bf5 24. Qf4 Bxb1 25. Rxb1 Ne8 26. Qf7 Rb8 27. Rxb8 Qxb8 28. Bg3 Nf6 29. Kh2 Qe8 30. Qxe8 Nxe8 31. Nd2 Bf8 32. Ne4 Kg7 33. Kg1 Kf7 34. Kf1 Ke7 35. Ke2 Kd7 36. Bf4 Bg7 37. Kd3 Bf8 38. Bd2 Ke7 39. Bc3 Bg7 40. Bxg7 Nxg7 41. g4 Ne8 42. f4 Ng7 43. Nc3 Ne8 44. Ke4 Nf6+ 45. Kf3 Nd7 46. a5 g5 47. Nd1 gxf4 48. Kxf4 Kf6 49. Ne3 Ne5 50. h4 Nd3+ 51. Kg3 Ne5 52. Kf2 Kg6 53. Ke2 Kf6 54. Kd1 Nf7 55. Kd2 Ke5 56. Nc2 Kf4 57. g5 hxg5 58. hxg5 Nxg5 59. Na3 Nf3+ 60. Kc3 Ke5 61. Nb5 Ng5 62. Nc7 Ne4+ 63. Kd3 Nf6 64. Nxa6 Nxd5 65. cxd5 Kxd5 66. Nb8 c4+ 67. Kc3 Kc5 1/2-1/2

[Event "CRO-Cup"]
[Site "Pula"]
[Date "1999.05.27"]
[Round "4"]
[White "Vukelic, Tomislav"]
[Black "Koznjak, Miroslav"]
[Result "0-1"]
[WhiteElo "2319"]
[BlackElo "2250"]
[PlyCount "62"]
[EventDate "1999.05.??"]
[EventType "team"]
[EventRounds "5"]
[EventCountry "CRO"]
[SourceTitle "CBM 070 Extra"]
[Source "ChessBase"]
[SourceDate "1999.07.10"]
[SourceVersion "1"]
[SourceVersionDate "1999.07.10"]
[SourceQuality "1"]

1. Nf3 Nf6 2. c4 g6 3. g3 Bg7 4. Bg2 0-0 5. 0-0 d6 6. d4 Nc6 7. Nc3 Bf5 8. b3 a6 9. Bb2 e5 10. d5 Ne7 11. Qd2 h5 12. Rfe1 Ne4 13. Nxe4 Bxe4 14. Nh4 Bxg2 15. Kxg2 Kh7 16. e4 f5 17. exf5 Nxf5 18. Nxf5 Rxf5 19. Re4 Qf6 20. Rae1 Rf8 21. R1e2 Bh6 22. Qc2 Rf3 23. Bc3 Qf5 24. Be1 b6 25. Bb4 Kg7 26. Be1 Bg5 27. h3 Rf7 28. Bc3 h4 29. g4 Rg3+ 30. fxg3 Qf1+ 31. Kh2 hxg3+ 0-1

[Event "CRO-Cup"]
[Site "Pula"]
[Date "1999.05.25"]
[Round "2"]
[White "Josipovic, Perica"]
[Black "Koznjak, Miroslav"]
[Result "1/2-1/2"]
[WhiteElo "2190"]
[BlackElo "2250"]
[PlyCount "91"]
[EventDate "1999.05.??"]
[EventType "team"]
[EventRounds "5"]
[EventCountry "CRO"]
[SourceTitle "CBM 070 Extra"]
[Source "ChessBase"]
[SourceDate "1999.07.10"]
[SourceVersion "1"]
[SourceVersionDate "1999.07.10"]
[SourceQuality "1"]

1. d4 Nf6 2. Nf3 c5 3. c3 g6 4. Bg5 Bg7 5. Nbd2 cxd4 6. cxd4 d5 7. e3 0-0 8. Bd3 Nc6 9. a3 Qb6 10. Qb3 Qa5 11. Rc1 e5 12. Rc5 Qb6 13. Rb5 Qc7 14. dxe5 Ng4 15. 0-0 Ncxe5 16. h3 Nxd3 17. Qxd3 Nf6 18. Nd4 b6 19. Rb3 Bb7 20. Rc3 Qd7 21. Rfc1 Rac8 22. Bf4 Rxc3 23. Rxc3 Rc8 24. Qc2 Rxc3 25. Qxc3 Ne4 26. Nxe4 dxe4 27. Bb8 Bd5 28. Bf4 h6 29. h4 Kh7 30. Qd2 Bb7 31. Qc3 Qd5 32. Bg3 g5 33. hxg5 hxg5 34. Bb8 Qa2 35. Bg3 Qd5 36. Bb8 Bxd4 37. Qxd4 Qxd4 38. exd4 a6 39. Kf1 f5 40. g3 Kg6 41. Ke2 Kf6 42. Bc7 b5 43. Bd8+ Kg6 44. Ke3 Bd5 45. Be7 Kh5 46. Bf6 1/2-1/2

[Event "CRO-Cup"]
[Site "Pula"]
[Date "1997.??.??"]
[Round "?"]
[White "Koznjak, Miroslav"]
[Black "Ognjan, Renato"]
[Result "1/2-1/2"]
[WhiteElo "2250"]
[BlackElo "2120"]
[PlyCount "24"]
[EventDate "1997.??.??"]
[EventType "team"]
[EventRounds "5"]
[EventCountry "CRO"]
[SourceTitle "EXT 1998"]
[Source "ChessBase"]
[SourceDate "1997.11.17"]
[SourceVersion "1"]
[SourceVersionDate "1997.11.17"]
[SourceQuality "1"]

1. e4 c5 2. c3 d5 3. exd5 Qxd5 4. d4 Nf6 5. Nf3 Bg4 6. Be2 e6 7. Na3 Be7 8. Qa4+ Nc6 9. 0-0 0-0 10. dxc5 Qe4 11. Qxe4 Nxe4 12. Be3 Bxc5 1/2-1/2

[Event "CRO-Cup"]
[Site "Pula"]
[Date "1997.??.??"]
[Round "?"]
[White "Markotic, Branimir"]
[Black "Koznjak, Miroslav"]
[Result "1/2-1/2"]
[WhiteElo "2225"]
[BlackElo "2250"]
[PlyCount "103"]
[EventDate "1997.??.??"]
[EventType "team"]
[EventRounds "5"]
[EventCountry "CRO"]
[SourceTitle "EXT 1998"]
[Source "ChessBase"]
[SourceDate "1997.11.17"]
[SourceVersion "1"]
[SourceVersionDate "1997.11.17"]
[SourceQuality "1"]

1. e4 c5 2. Nf3 d6 3. d4 cxd4 4. Nxd4 Nf6 5. Nc3 a6 6. Be3 Ng4 7. Bg5 h6 8. Bh4 g5 9. Bg3 Bg7 10. Qd2 Nc6 11. Nxc6 bxc6 12. Bc4 Qa5 13. Bb3 h5 14. h4 gxh4 15. Rxh4 Be6 16. Na4 Qb5 17. Qe2 Rb8 18. f3 Ne5 19. Qxb5 axb5 20. Nc3 c5 21. Bxe6 fxe6 22. Bxe5 Bxe5 23. 0-0-0 Rg8 24. Rd2 Bg3 25. Rxh5 Bf4 26. Ne2 Bxd2+ 27. Kxd2 Kf7 28. g4 b4 29. c3 Ra8 30. cxb4 Rxa2 31. bxc5 Rxb2+ 32. Kd3 dxc5 33. Rxc5 Rd8+ 34. Ke3 Rd1 35. Nc1 Rb1 36. Ne2 Rb2 37. Nd4 Rbd2 38. Nc6 Rd3+ 39. Kf4 Ra3 40. Ne5+ Kf8 41. Rc8+ Kg7 42. Rc7 Kf8 43. Ng6+ Kg7 44. Nxe7 e5+ 45. Kxe5 Rxf3 46. Nf5+ Kg8 47. g5 Rd8 48. g6 Re8+ 49. Kf6 Rf1 50. Rg7+ Kh8 51. Rf7 Kg8 52. Rg7+ 1/2-1/2

[Event "CRO-Cup"]
[Site "Pula"]
[Date "1995.??.??"]
[Round "4"]
[White "Fercec, Nenad"]
[Black "Koznjak, Miroslav"]
[Result "1-0"]
[WhiteElo "2410"]
[BlackElo "2360"]
[PlyCount "77"]
[EventDate "1995.??.??"]
[EventType "team"]
[EventRounds "5"]
[EventCountry "CRO"]
[SourceTitle "EXT 1997"]
[Source "ChessBase"]
[SourceDate "1996.11.15"]
[SourceVersion "1"]
[SourceVersionDate "1996.11.15"]
[SourceQuality "1"]

1. e4 c5 2. Nf3 d6 3. d4 cxd4 4. Nxd4 Nf6 5. Nc3 a6 6. Bg5 e6 7. f4 Be7 8. Qf3 Qc7 9. 0-0-0 Nbd7 10. g4 b5 11. Bxf6 Nxf6 12. g5 Nd7 13. f5 Nc5 14. h4 b4 15. Nce2 e5 16. Nb3 Nxe4 17. Bg2 Bb7 18. Qe3 d5 19. Bxe4 dxe4 20. Ng3 a5 21. f6 gxf6 22. gxf6 Bf8 23. Nxe4 a4 24. Nd4 exd4 25. Rxd4 Qe5 26. Re1 Bd5 27. Rxd5 Qxd5 28. Ng5+ Kd7 29. Rd1 Qxd1+ 30. Kxd1 Bd6 31. Qe4 Rac8 32. Nxf7 Rhe8 33. Qf5+ Kc6 34. Qf3+ Kc5 35. a3 Bf8 36. axb4+ Kxb4 37. Qd5 Bc5 38. Nd6 Bxd6 39. c3+ 1-0